| 000 | 00724cam a2200205 a 4500 | ||
|---|---|---|---|
| 001 | 000001307 | ||
| 005 | 20200929145534.0 | ||
| 008 | 820913s1969 ve 001 0 spa | ||
| 040 |
_aDO-SdBNP _cDLC _dDLC |
||
| 090 |
_a498 _bB268g |
||
| 100 | 1 |
_aBarral, Basilio de _94422 |
|
| 245 | 1 | 0 |
_aGuarao a-ribu / _cBasilio de Barral. |
| 246 | 1 | 4 |
_aGuarao a-ribu : _bLiteratura de los indios Guaraos |
| 260 |
_aCaracas : _bUniversidad Católica Andrés Bello. Facultad de Humanidades, _c1969. |
||
| 300 |
_a304 p. ; _c23 cm. |
||
| 490 | 1 |
_aLenguas indígenas de Venezuela ; _vno. 1 |
|
| 650 | 4 |
_aLenguas indígenas _xVenezuela _94423 |
|
| 830 | 0 |
_aLenguas indígenas de Venezuela ; _vno. 1 _94424 |
|
| 910 | _aCatalogación por copia / LC | ||
| 999 |
_c1245 _d1245 |
||